000 01159nam a2200337 i 4500
001 196352
003 ES-MaACL
005 20250703063133.0
007 ta
008 240919e1977 sp ||||| |||| 00| 0 fre d
020 _a2859840109
040 _bspa
_cES-MaACL
_dES-MaACL
100 1 _aRenan, Ernest,
_d1823-1892
_eaut
_996168
245 _aJudaïsme et christianisme /
_bpar Ernest Renen ; textes présentés par Jean Gaulmier.
260 _aParis :
_bEditions Copernic,
_c1977.
300 _a176 p. ;
_c22 cm.
336 _2rdacontent
_atexto
337 _2rdamedia
_asin mediación
338 _2rdacarrier
_avolumen
490 1 _aTheóriques ;
_v2
650 4 _911435
_aCristianismo y judaísmo
700 _aGaulmier, Jean
_eclb
_9238762
830 _9223001
_aTheóriques ;
_v2
852 _aES-MaACL
_cDEPO1
_hDonación: José Manuel Duarte Cendán
_9204056
_jA-15397
903 _9238529
_aDuarte Cendán, José Manuel
_q1
_ednr
942 _n0
_cMONOGRAFIA
999 _c196352
_d196352